000
00212 a2200097 4500
001
43353
100
_a
Grier sun
245
_a
Poems of Jan Dane
260
_a
London
_b
Oxford Univ press
_c
090
_c
27190
_d
27190
942
_a
NUST-CAE
_c
M
_c
19103
999
_c
278426
_d
278426